Fundamentos básicos de Fisiología vegetal y animal
Guardat en:
| Autor principal: | |
|---|---|
| Altres autors: | , |
| Format: | Llibre |
| Idioma: | espanyol |
| Publicat: |
Madrid
Pearson Educación S.A
2010
|
| Matèries: | |
| Accés en línia: | Disponible Online |
| Etiquetes: |
Afegir etiqueta
Sense etiquetes, Sigues el primer a etiquetar aquest registre!
|
MARC
| LEADER | 00000cam a2200000 a 4500 | ||
|---|---|---|---|
| 001 | UCC9244 | ||
| 003 | CL-VaPUC | ||
| 005 | 20210901190456.0 | ||
| 008 | 190914e20100000sp |||||||||||||||||spa|d | ||
| 999 | |c 375437 |d 375435 | ||
| 020 | |a 9788483227350 | ||
| 040 | |c Pontificia Universidad Católica de Valparaíso | ||
| 082 | 0 | 4 | |a 573 ESC 2010 |2 21 |
| 100 | 0 | |a Escaso Santos, Fernando |9 604209 | |
| 245 | 1 | 0 | |a Fundamentos básicos de Fisiología vegetal y animal |
| 260 | |a Madrid |b Pearson Educación S.A |c 2010 | ||
| 300 | |a 251 páginas | ||
| 583 | |a last modification |c 20190914 23:07:00 |k Rodrigo Vera | ||
| 650 | 0 | |a Biología molecular |9 269677 | |
| 650 | 0 | |a Fisiología vegetal |9 260158 | |
| 700 | 0 | |a Martínez Guitarte, José Luis |9 604210 | |
| 700 | 0 | |a Planelló Carro, María del Rosario |9 604211 | |
| 856 | |u http://bibliografiadigital.pucv.cl.pucv.idm.oclc.org/index.php/bibliotecapucv/catalog/book/705 |y Disponible Online | ||
| 942 | |c BK |2 ddc | ||
| 945 | |d 20190914 23:07:00 |a dcastane | ||
| 952 | |0 0 |1 0 |2 ddc |3 erb |4 0 |6 573_000000000000000_ESC_2010 |7 0 |8 A |9 494405 |a BIBCUR |b BIBCUR |i 5560799 |l 1 |o 573 ESC 2010 |p 5560799 |r 2025-04-22 |s 2021-08-27 |t 1 |w 2019-11-24 |y BK |z Catalogado en:20190914 |k BIO | ||
| 952 | |0 0 |1 0 |2 ddc |3 erb |4 0 |6 573_000000000000000_ESC_2010 |7 0 |8 A |9 494406 |a BIBCUR |b BIBCUR |i 5560780 |l 1 |o 573 ESC 2010 |p 5560780 |r 2025-04-22 |s 2023-08-17 |t 2 |w 2019-11-24 |y BK |z Catalogado en:20190914 |k BIO | ||
| 952 | |0 0 |1 0 |2 ddc |3 erb |4 0 |6 573_000000000000000_ESC_2010 |7 0 |8 A |9 494407 |a BIBCUR |b BIBCUR |i 5560772 |l 1 |o 573 ESC 2010 |p 5560772 |r 2025-04-22 |s 2022-03-21 |t 3 |w 2019-11-24 |y BK |z Catalogado en:20190914 |k BIO | ||
| 952 | |0 0 |1 0 |2 ddc |3 erb |4 0 |6 573_000000000000000_ESC_2010 |7 0 |8 A |9 494408 |a BIBCUR |b BIBCUR |i 5560764 |o 573 ESC 2010 |p 5560764 |r 2025-04-22 |t 4 |w 2019-11-24 |y BK |z Catalogado en:20190914 |k BIO | ||
| 952 | |0 0 |1 0 |2 ddc |3 erb |4 0 |6 573_000000000000000_ESC_2010 |7 0 |8 A |9 494409 |a BIBCUR |b BIBCUR |i 5560756 |o 573 ESC 2010 |p 5560756 |r 2025-04-22 |t 5 |w 2019-11-24 |y BK |z Catalogado en:20190914 |k BIO | ||
| 952 | |0 0 |1 0 |2 ddc |3 erb |4 0 |6 573_000000000000000_ESC_2010 |7 0 |8 A |9 494410 |a BIBCUR |b BIBCUR |i 5560748 |o 573 ESC 2010 |p 5560748 |r 2025-04-22 |t 6 |w 2019-11-24 |y BK |z Catalogado en:20190914 |k BIO | ||